Guía de los antiguos reinos de Valencia y Murcia (Record no. 166975)

MARC details
000 -LEADER
campo de control de longitud fija 01196nam a2200253 i 4500
001 - NÚMERO DE CONTROL
campo de control 166975
003 - IDENTIFICADOR DE NÚMERO DE CONTROL
campo de control ES-MaACL
005 - FECHA Y HORA DE LA ÚLTIMA TRANSACCIÓN
campo de control 20250801210727.0
008 - DATOS DE LONGITUD FIJA--INFORMACIÓN GENERAL
campo de control de longitud fija 940301s1886 sp abe |||| | spa d
040 ## - FUENTE DE CATALOGACIÓN
Centro catalogador/agencia de origen AS
Lengua de catalogación spa
100 1# - ENTRADA PRINCIPAL--NOMBRE DE PERSONA
Nombre de persona Valverde y Álvarez, Emilio,
Fechas asociadas al nombre 1848-1894
9 (RLIN) 133538
245 10 - MENCIÓN DEL TÍTULO
Título Guía de los antiguos reinos de Valencia y Murcia
Resto del título : provincias de Valencia, Castellón, Albacete, Alicante y Murcia : ilustrada con mapas, planos y grabados... /
Mención de responsabilidad, etc. Emilio Valverde y Alvarez.
260 ## - PUBLICACIÓN, DISTRIBUCIÓN, ETC.
Lugar de publicación, distribución, etc. Madrid :
Nombre del editor, distribuidor, etc. [s.n.],
Fecha de publicación, distribución, etc. [1886?] (
Fabricante Imprenta de Fernando Cao y Domingo de Val)
300 ## - DESCRIPCIÓN FÍSICA
Extensión p. 593-740, [4] h. de lám., [5] h. de plan. :
Otras características físicas il. ;
Dimensiones 19 cm.
490 1# - MENCIÓN DE SERIE
Mención de serie Guía práctico Valverde
530 ## - NOTA DISPONIBLE DE FORMULARIO FÍSICO ADICIONAL
Nota de formato físico adicional disponible Disponible en formato digital.
596 ## - NOTA AL PIE DE IMPRENTA
NOTA AL PIE DE IMPRENTA Fecha tomada de Palau, XXV, 114.
651 #4 - PUNTO DE ACCESO ADICIONAL DE MATERIA--NOMBRE GEOGRÁFICO
Nombre geográfico Comunidad Valenciana-
Subdivisión general Guías turísticas.
9 (RLIN) 167360
651 #4 - PUNTO DE ACCESO ADICIONAL DE MATERIA--NOMBRE GEOGRÁFICO
Nombre geográfico Murcia (Comunidad Autónoma)-
Subdivisión de forma Guías turísticas.
9 (RLIN) 167361
830 00 - PUNTO DE ACCESO ADICIONAL DE SERIE-TÍTULO UNIFORME
Título uniforme Guía práctico Valverde
9 (RLIN) 188633
852 ## - LOCALIZACIÓN
Ubicación ES-MaACL
Número de control de estantería C-280
Nota libre -- Enc. hol. conservando la cub. original
856 ## - LOCALIZACIÓN Y ACCESO ELECTRÓNICOS
Identificador Uniforme de Recursos <a href="http://bdh-rd.bne.es/viewer.vm?id=0000000839&page=1 ">http://bdh-rd.bne.es/viewer.vm?id=0000000839&page=1 </a>
Nota pública Biblioteca Digital Hispánica
Holdings
Estatus retirado Estado de pérdida Estado de daño No para préstamo Colección Biblioteca de origen Biblioteca actual Ubicación en estantería Fecha de adquisición Fuente de adquisición Total de préstamos Signatura topográfica completa Código de barras Visto por última vez Precio de reemplazo Tipo de ítem Koha
        Colección digital Biblioteca del Ateneo de Madrid Biblioteca del Ateneo de Madrid Sala Palomar 17/01/2008     C-280 1175153 23/02/2023 23/02/2023 Libro impreso antiguo